1499 1511 1789 1894 1458 1701 1557 1827 1885 1642 1558 1680 1430 1015 1541 1809 1145 1221 1306 1435 1263 1285 1143 1349 1124 1878 1050 1563 1923 1633 1983 1504 1760 1063 1840 1829 1634 1923 1227 1806 1262 1033 1241 1792 1176 1628 1865 1287 1858 1690 1849 1800 1633 1259 1994 1211 1749 1568 1843 1155 1784 1177 1916 1272 1816 1471 1480 1146 1994 1973 1471 1243 1430 1210 1170 1290 1149 1603 1933 1840 1837 1411 1582 1429 1964 1563 1586 1654 1618 1287 1230 1743 1045 1446 1220 1727 1595 1372 1696 BCNSPRNW ULIB Ver.6.0+V

เปลี่ยนเป็นภาษาไทย

Change to English
 แสดงรายละเอียดบรรณานุกรม
  กลับหน้าหลัก

Brief Record : Get Marc (ISO 2709) : E-mail record : QR code < ปิดหน้าต่าง
LEADER : 00000nam 2200000uu 4500
001    13399126722
003     ULIB
008    020711s2018 th a 000 0 eng d
020    ^a9781259588594
060    ^aWS200^bK65R^cVol.1
100    ^aKline,Mark
245    ^aRudolph s Pediatrics
250    ^a23rd ed
260    ^aNew York :^bMcGraw-Hill,^c2018
300    ^a1509 pages;^b30 cm
650    ^aPediatrics
945    ^p2550^l0^i005383
999    ^aประนอม เกษจรัล
รายการนี้ยังไม่มีแท็ก
คุณยังไม่ได้ล็อกอิน คุณสามารถมีกิจกรรมร่วมกับเว็บไซต์ได้ แต่ต้องล็อกอินก่อน ::
  ล็อกอิน

รายการสื่อสารสนเทศ

ลำดับที่ ประเภท เลขเรียก/บาร์โค้ด สถานที่ สถานะ
1. วิทยาศาสตร์การแพทย์ และสุขภาพ
หนังสือสำรอง
สถานะ=หนังสือสำรอง
WS200 K65R Vol.1 ฉ.1 
  Barcode: 005383
ห้องสมุดวิทยาเขตสวรรค์ประชารักษ์
►หนังสือทั่วไป
บนชั้น

รายการใกล้เคียง
    ชื่อเรื่อง [Rudolph s Pediatrics]

    ผู้แต่ง [Kline,Mark]

    หัวเรื่อง [Pediatrics]

BibComment


ยังไม่เคยถูกคอมเมนท์

คอมเมนท์ทรัพยากรรายการนี้
  คอมเมนท์: Rudolph s Pediat..


 Copyright 2026. Bcnsprnw @Library